000 00793nam a2200253 i 4500
003 DO-SdBNP
005 20250411144227.0
007 ta
008 250411b2024 dr ||||| |||| 00| 0 spa d
020 _a9789945654936
040 _aDO-SdBNP
_bspa
_cBNPHU
_erda
041 _aspa
082 4 _a0
_bJ56c
_222
100 1 _aJerome Mercedes, María Senilia
_eautor
_4aut.
_987208
245 1 0 _aCrisis del liderazgo espiritual en la iglesia local /
_cMaría Senilia Jerome Mercedes.
250 _aPrimera edición
264 _aSanto Domingo :
_bEditorial Santuario,
_c2024.
300 _a54 páginas ;
_c23 cm.
336 _atexto
_btxt
_2rdacontent
337 _asin mediación
_bn
_2rdamedia
338 _avolumen
_bnc
_2rdacarrier
590 _aInventariado, 2025 /LP
942 _2ddc
_cLBS1
999 _c58431
_d58431